| 000 | 00449nam a2200181Ia 4500 | ||
|---|---|---|---|
| 003 | 0100 | ||
| 008 | 130303s9999 xx 000 0 und d | ||
| 040 | _cARRUPELIB | ||
| 050 | _aPN4735.D461990 | ||
| 245 | _aDemocracy and the mass media | ||
| 245 | _ba collection of essays | ||
| 260 | _aCambridge | ||
| 260 | _bCambridge UP | ||
| 260 | _C1990 | ||
| 300 | _a410p | ||
| 700 | _aed. by Judith Lichtenberg , Lichtenberg, Judith, ed | ||
| 942 | 0 | 0 | _01 |
| 999 |
_c20595 _d20595 |
||